| 000 | 00378nam a2200145Ia 4500 | ||
|---|---|---|---|
| 008 | 230312s9999||||xx |||||||||||||| ||und|| | ||
| 082 |
_a658.4 _bNAG |
||
| 100 | _aA.Nag | ||
| 245 | 0 | _a100 Minute Manger | |
| 260 |
_bVikas Publishing House _aNew Delhi _c1997 |
||
| 300 | _a114 | ||
| 546 | _aEng. | ||
| 650 |
_aManagement _vBehave like a manager , Boss is always Right |
||
| 942 | _cBK | ||
| 999 |
_c629 _d629 |
||